书目信息 |
| 题名: |
摄录机的使用与维护
|
|
| 作者: | 魏明 | |
| 分册: | ||
| 出版信息: | 浙江科技出版社 1995. 4 |
|
| 页数: | 303页 | |
| 开本: | 32开 | |
| 丛书名: | ||
| 单 册: | ||
| 中图分类: | TB853.1 | |
| 科图分类: | ||
| 主题词: | 摄影--机具 , 摄影--设备 | |
| 电子资源: | ||
| ISBN: | 7-5341-0730-X | |
| 000 | 00549nam0 2200205 45 | |
| 001 | 0308271053 | |
| 005 | 20030827105707.4 | |
| 010 | @a7-5341-0730-X@dRMB11.00 | |
| 100 | @a20030827d1995 km y0chiy0120 ea | |
| 101 | @achi | |
| 105 | @a z 000yy | |
| 200 | 1 | @a摄录机的使用与维护@Ashe lu ji de shi yong yu wei hu@f魏明@Fwei ming |
| 210 | @c浙江科技出版社@d1995. 4 | |
| 215 | @a303页@c无图表@d32开 | |
| 606 | 0 | @a摄影@x机具 |
| 606 | 0 | @a摄影@x设备 |
| 690 | @aTB853.1@v3 | |
| 701 | 0 | @a魏明 |
| 801 | @aCN@b@c20030827 | |
| 905 | @aBZT@dTB853.1@e32 | |
| 摄录机的使用与维护/魏明.-浙江科技出版社,1995. 4 |
| 303页:无图表;32开 |
| ISBN 7-5341-0730-X:RMB11.00 |
| ● |
| 相关链接 |
|
|
|
正题名:摄录机的使用与维护
索取号:TB853.1/32
 
预约/预借
| 序号 | 登录号 | 条形码 | 馆藏地/架位号 | 状态 | 备注 |
| 1 | 084006 | 200315630 | 中心书库中库/ 中库030架B面4列4层8/ [索取号:TB853.1/32] | 在馆 | |
| 2 | 084007 | 200315667 | 中心书库中库/ 中库030架B面4列4层7/ [索取号:TB853.1/32] | 在馆 | |
| 3 | 084008 | 200315649 | 中心书库中库/ 中库030架B面4列4层9/ [索取号:TB853.1/32] | 在馆 |